Viaje a Europa

में बचाया:
ग्रंथसूची विवरण
मुख्य लेखकों: Cuervo, Angel (लेखक), Romero, Mario Germán (लेखक), Ibarra Mesa, Gloria María (लेखक)
स्वरूप: पुस्तक
भाषा:स्पेनिश
प्रकाशित: Bogotá Instituto Caro y Cuervo 2001
श्रृंखला:La Granada Entreabierta, 91
विषय:
टैग: टैग जोड़ें
कोई टैग नहीं, इस रिकॉर्ड को टैग करने वाले पहले व्यक्ति बनें!

MARC

LEADER 00000nam a2200000 a 4500
001 UCK4607
003 CL-VaPUC
008 050610e20010000CK |||||||||||||||||spa|d
082 0 4 |a 868.9936  |b CUE  |2 21 
100 0 |a Cuervo, Angel  |e author  |9 493176 
700 0 |a Romero, Mario Germán  |e author  |9 493177 
700 |a Ibarra Mesa, Gloria María   |e author  |9 530861 
245 1 0 |a Viaje a Europa 
300 |a 178 p 
942 |c BK 
945 |d 20050610 00:00:00  |a jcarroza 
260 |a Bogotá  |b Instituto Caro y Cuervo  |c 2001 
650 0 |a Diarios   |9 420844 
650 0 |a Viajes  |9 257115 
651 0 |a Europa  |9 255156 
583 |a last modification  |c 20050610 00:00:00  |k Rodrigo Vera 
490 0 |a La Granada Entreabierta, 91 
999 |c 313432  |d 313430 
952 |0 0  |1 0  |4 0  |6 868_993600000000000_CUE_2001  |7 0  |8 A  |9 384766  |a BIBHIS  |b BIBHIS  |d 2019-11-22  |i 4122305  |o 868.9936 CUE 2001  |p 4122305  |r 2025-01-20  |w 2019-11-22  |y BK  |k HIS